Agriculture in tropics

में बचाया:
ग्रंथसूची विवरण
मुख्य लेखक: C C Webster
स्वरूप: पुस्तक
भाषा:Undetermined
प्रकाशित: London Longman 1980
विषय:
टैग : टैग जोड़ें
कोई टैग नहीं, इस रिकॉर्ड को टैग करने वाले पहले व्यक्ति बनें!
Thư viện lưu trữ: Trung tâm Học liệu Trường Đại học Cần Thơ
LEADER 00471nam a2200181Ia 4500
001 CTU_12178
008 210402s9999 xx 000 0 und d
082 |a 630.913 
082 |b W378 
100 |a C C Webster 
245 0 |a Agriculture in tropics 
245 0 |c C C Webster, P N Wilson 
260 |a London 
260 |b Longman 
260 |c 1980 
650 |a agriculture - tropics 
904 |i Minh, 961109 
980 |a Trung tâm Học liệu Trường Đại học Cần Thơ